00560nam a2200169 a 450000100100000000500170001000800410002704000250006808200260009310000240011924500680014326000630021130000200027465000240029465000240031865000480034200003125320240530073935.0110615s1945 dr 000 0 spa d aDO-SdBNPbspacBNPHU aRD864.44bP123p, 19451 aPadilla B., Juan E.10aPalabras de un director de su propia vida /cJuan E. Padilla B. aCiudad Trtujillo, República Dominicana :bRincon,c1945. a66 p. ;c21 cm. 0aPoesía dominicana 0aEnsayos dominicanos 4aLiteraruta dominicanaxHistoria y crítica